| 000 | 01452nam0a22003011 4500 | ||
|---|---|---|---|
| 001 | rc\4023981 | ||
| 005 | 20260407162647.0 | ||
| 021 |
_aRU _b[43-6374] |
||
| 035 | _a(NLR Aleph) 008088146 | ||
| 090 |
_a9166193 _c9166193 |
||
| 100 | _a20130415d1947 |||y0rusy50 ca | ||
| 101 | 0 | _arus | |
| 102 | _aRU | ||
| 105 | _ay z ||||| | ||
| 200 | 1 |
_aАгроправила по культуре картофеля в Дагестанской АССР на 1947 г. _fМ-во сельского хозяйства Дагест. АССР. Дагест. зональная опыт. станция по виноградарству и овощеводству |
|
| 210 |
_aМахачкала _cДаггиз _d1947 _gТип. им. Кирова |
||
| 215 |
_a50 с. _d20 |
||
| 300 | _aНа обл. перед загл. сост.: Т.И. Муллаев | ||
| 606 |
_aКартофель _xВозделывание _yДагестанская АССР _2psbo |
||
| 702 | 1 |
_aМуллаев _bТ.-С.И. _gТау-Султан Исаакович _4220 |
|
| 710 | 0 | 1 |
_aДагестанская АССР _bМ-во сельского хозяйства _3RU\NLR\AUTH\8810101158 _9703291 |
| 712 | 0 | 2 | _aДагестанская зональная опытная станция по виноградарству и овощеводству |
| 801 | 0 |
_aRU _bNLR _gpsbo |
|
| 801 | 1 |
_aRU _bELAR _2rusmarc |
|
| 852 |
_aNLR _jС50 Г-4/879 |
||
| 942 | _cBOOK | ||
| 980 | _aNB | ||